000 00493nam a22001817a 4500
003 NUST - PNEC
005 20170116180849.0
008 150825b xxu||||| |||| 00| 0 eng d
020 _a0060462310
020 _a0063506610
040 _cLIBRARY
082 _a620.1 SIN
100 _95626
_aSinger, Ferdinand L.
245 _aEngineering mechanics : statics and dynamics
_cFerdinand L.Singer
250 _aThird Edition
650 _95627
_aMechanics, Applied
_xME / MIS
942 _2ddc
_cBK
999 _c64564
_d64564